000 00447nam a2200181Ia 4500
005 20250603145608.0
008 250603s9999 xx 000 0 und d
020 _a9781259641633
050 _aTJ 223.P76 .M66/
100 _aMonk, Simon
245 0 _aProgramming arduino : getting started with sketches
260 _aNew York
260 _bMacGraw-Hill Education
260 _c2016
300 _a176 p
650 _aNew York
942 _cBK
999 _c42305
_d42305